• 首页
  • 本馆介绍
  • 公告通知
  • 最新文献
  • 馆藏检索
  • 电子资源
  • 读者导购
  • 参考咨询
  • 我的图书馆
  • 登录
  • 详细信息显示
  • 放入我的书架
  • 预约/预借图书
  • 作者相关作品
  • 分类相关作品
  • 丛书相关作品
  • 出版社相关作品

书目信息

  • 表格格式
  • 工作单格式
  • 卡片格式
题名:
国学要籍研读法四种
    
 
作者: 梁启超 著
分册:  
出版信息: 长春   吉林出版集团股份有限公司  2017
页数: 271页
开本: 24cm
丛书名: 中国学术名著丛书
单 册:
中图分类: Z126.27
科图分类:
主题词: 国学--guo xue--研究
电子资源:
ISBN: 978-7-5581-1773-2
000 00933nam0 22002651 450
001 0119171341
005 20170619171341.0
010    @a978-7-5581-1773-2@dCNY39.80
100    @a20170328d2017 em y0chiy50 ea
101 0  @achi
102    @aCN@b220000
105    @ay z 000yy
106    @ar
200 1  @a国学要籍研读法四种@9guo xue yao ji yan du fa si zhong@f梁启超[著]
210    @a长春@c吉林出版集团股份有限公司@d2017
215    @a271页@d24cm
225 2  @a中国学术名著丛书@9zhong guo xue shu ming zhu cong shu
300    @a典藏
330    @a本书为梁启超研究国学经典的心得与方法的总结之作,围绕学术界及读者所关注的重点问题,讲述了国学典籍的历史,尤其注重哲学与经学的结合,关注哲学与人生的联系。
461  0 @12001 @a中国学术名著丛书
606 0  @a国学@9guo xue@x研究
690    @aZ126.27@v5
701  0 @a梁启超@9liang qi chao@f(1873-1929)@4著
801  0 @aCN@b百万庄@c20170617
905    @b1013097-102@dZ126.27@e132@f6
    
    国学要籍研读法四种/梁启超[著].-长春:吉林出版集团股份有限公司,2017
    271页;24cm.-(中国学术名著丛书)
    典藏
    
    ISBN 978-7-5581-1773-2:CNY39.80
    本书为梁启超研究国学经典的心得与方法的总结之作,围绕学术界及读者所关注的重点问题,讲述了国学典籍的历史,尤其注重哲学与经学的结合,关注哲学与人生的联系。
●
相关链接 在E读中查询图书 在五车中查询图书 在当当中查询图书 在豆瓣中查询图书


正题名:国学要籍研读法四种     索取号:Z126.27/132         预约/预借

序号 登录号 条形码 馆藏地/架位号 状态 备注
1 1013097   210130972   第二样本阅览室/ [索取号:Z126.27/132] 在馆    
2 1013098   210130981   教育系资料室/ [索取号:Z126.27/132] 在馆    
3 1013099   210130990   教育系资料室/ [索取号:Z126.27/132] 在馆    
4 1013100   210131007   教育系资料室/ [索取号:Z126.27/132] 在馆    
5 1013101   210131016   第三借阅区/ [索取号:Z126.27/132] 在馆    
6 1013102   210131025   第三借阅区/ [索取号:Z126.27/132] 在馆    
唐山师范学院图书馆 欢迎您!
大连网信软件有限公司© 版权所有